000 01223nam0a2200337 i 4500
001 RU\NLR\bibl\1953707
005 20241104000215.0
010 _a9785888387498
_9300
_bв пер.
021 _aRU
_b2012-70062
_95149
035 _a(nilc)RSL-KNO-005497180
035 _a(NLR Aleph) 001942814
090 _a3588884
_c3588884
100 _a20120920d2012 u y0rusy50 ca
101 0 _arus
102 _aRU
105 _aa |||||||||
200 1 _aАлабайтал. Страницы истории
_fР. Г. Хасанова
210 _aОренбург
_cИзд. центр ОГАУ
_d2012
215 _a255, [1] с.
_cил., цв. ил., портр., табл.
_d25
320 _aБиблиогр.: с. 252
607 _aАлабайтал, село (Оренбургская область)
_xИстория
_92124964
_3RU\NLR\auth\661586472
686 _aТ3(2Р-4Ор-5Бел -2Алабайтал)0,014.2
_2rubbk
686 _aТ3(2Р-4Ор)
700 1 _aХасанова
_bР. Г.
_gРаифа Галиулеевна
_4070
801 0 _aRU
_bRuMoRKP
_c20120920
_grcr
801 1 _aRU
_bРГБ
_c20120920
801 2 _aRU
_bNLR
_c20121010
_grcr
830 _aпо кн
942 _cBOOK
980 _aNBR